| Поле | Название | Значение |
| |
Тип записи |
a |
| |
Библиографический уровень |
m |
| 001 |
Контрольный номер |
RU/REG73/CBS_GRAD/98b1f938a3fe4fa7a5f2d9c19dd48e4a |
| 005 |
Дата корректировки |
20230616101311.4 |
| 010 |
Индекс ISBN |
__ |
| a |
ISBN |
978-5-17-107072-4 |
| 101 |
Язык документа |
0_ |
| a |
Язык текста |
rus |
| 200 |
Заглавие и сведения об ответственности |
1_ |
| a |
Заглавие |
А зори здесь тихие... |
| f |
Первые сведения об ответственности |
Георгий Николаевич Васильев |
| b |
Общее обозначение материала |
Текст |
| 203 |
Вид содержания и тип средства |
__ |
| a |
Вид содержания |
Текст (визуальный) : непосредственный |
| 210 |
Выходные данные |
1_ |
| a |
Место издания |
Москва |
| c |
Издательство |
АСТ |
| d |
Дата издания |
2022 |
| 215 |
Физическое описание |
__ |
| a |
Объем |
478 с. |
| 225 |
Серия |
2_ |
| a |
Серия |
Школьное чтение |
| 333 |
Примечание о целевом назначении |
__ |
| a |
Примечание о целевом назначении |
12+ |
| 686 |
Индексы других классификаций |
__ |
| a |
Классификационный индекс |
84 (2 Рос=Рус)6 |
| 700 |
Автор |
_1 |
| a |
Фамилия |
Васильев |
| g |
Полное личное имя |
Георгий Николаевич |
| 801 |
Источник записи |
_0 |
| a |
Страна |
RU |
| b |
Организация |
RuCBSGrad |
| g |
Правила каталогизации |
PSBO |
| 801 |
Источник записи |
_1 |
| a |
Страна |
RU |
| b |
Организация |
RuCBSGrad |
| g |
Правила каталогизации |
PSBO |
| 901 |
Тип документа |
__ |
| t |
Тип документа |
m |
| 981 |
|
__ |
| b |
|
i |
| 2 |
|
|
| g |
|
e |
| 982 |
|
__ |
| b |
|
n |
| 2 |
|
|